| 000 | 00946nam a2200289 i 4500 | ||
|---|---|---|---|
| 001 | 13698 | ||
| 003 | KOSZ 005 | ||
| 005 | 20181001141049.0 | ||
| 008 | 960606s1971 xxra f |000 0 rus d | ||
| 040 |
_cKOSZ 005 _aKOSZ 005 _dKOSZ 005/HR |
||
| 041 |
_arus _heng |
||
| 046 | _k1971 | ||
| 080 | _a53 | ||
| 245 | 0 |
_aAvtomatičeskaâ obrabotka dannyh s puzyr'kovyh i iskrovyh kamer / _cpod red. B. S. Rozova ; perevod s angl. |
|
| 260 |
_aMoskva : _b"Atomizdat", _c1971. |
||
| 300 |
_a383 s. : _brys., wykr. ; _c21 cm. |
||
| 336 |
_2rdacontent _aTekst _btxt |
||
| 337 |
_2rdamedia _aBez urządzenia pośredniczącego _bn |
||
| 338 |
_2rdacarrier _aWolumin _bnc |
||
| 380 | _aKsiążki | ||
| 388 | _a1901-2000 | ||
| 388 | _a1945-1989 | ||
| 658 | _aInżynieria i technika | ||
| 700 | 1 |
_aRozov, B. S. _eRedakcja |
|
| 856 |
_uhttp://koha.tu.koszalin.pl/cgi-bin/koha/opac-detail.pl?biblionumber=13698 _yKatalog online BPK |
||
| 942 |
_cKS _2UKD |
||
| 999 |
_c13698 _d13698 |
||